Music Quiz

Random Music or Bands Quiz

Boy Band Members Quiz Stats

 Plays Quiz Updated Feb 19, 2019

     
Support Sporcle.
Go Orange.
Score 0/19 Timer 06:00
0 Plays Today
Band Member % Correct
'N SyncJustin Timberlake
97.8%
Backstreet BoysNick Carter
91.4%
98 DegreesNick Lachey
90.1%
98 DegreesJustin Jeffre
82%
'N SyncLance Bass
79.9%
'N SyncJoey Fatone
78.8%
New Kids On the BlockJoey McIntyre
74.4%
Backstreet BoysBrian Littrell
70.3%
Backstreet BoysA. J. McLean
69.6%
'N SyncJC Chasez
68.1%
Band Member % Correct
Backstreet BoysKevin Richardson
64.7%
'N SyncChris Kirkpatrick
62.1%
Backstreet BoysHowie Dorough
59%
98 DegreesDrew Lachey
56.6%
New Kids On the BlockDonnie Wahlberg
54.2%
New Kids On the BlockJonathan Knight
45.6%
New Kids On the BlockJordan Knight
43%
New Kids On the BlockDanny Wood
30.4%
98 DegreesJeff Timmons
27.2%

From the Vault

Born in France

by SporcleEXP

History 5m
These folks know exactly where to find a great croissant.
Remove Ads.
Support Sporcle.
Get the best of Sporcle when you Go Orange. This ad-free experience offers more features, more stats, and more fun while also helping to support Sporcle. Thank you for becoming a member.

Show Comments

Extras

Top Quizzes Today


Score Distribution

Your Account Isn't Verified!

In order to create a playlist on Sporcle, you need to verify the email address you used during registration. Go to your Sporcle Settings to finish the process.

Report this User

Report this user for behavior that violates our Community Guidelines.

Details: